000 01255nam a2200229 a 4500
001 36769
003 BD-RjUL
005 20211209052534.0
008 140901s2002 bg a|||e |||| 000 0 ben d
020 _cTK.350.00
035 _a(BD-RjUL)36871
040 _aBD-RjUL
_bben
_cBD-RjUL
041 _aben
082 _aB 958.1047
_bMAR 2002
_223
245 _aমার্কিন সাম্রাজ্যবাদ ও রক্তাক্ত আফগান :
_cসম্পাদনায় মাসুদ মজুমদার
_b১১ সেপ্টেম্বর,০১থেকে তালেবান সরকার পতন পর্যন্ত পূর্বাপর ঘটনার বিশ্লেষণধর্মী প্রবন্ধ-নিবন্ধ সংকলন /
260 _aঢাকা :
_bমুহাম্মদ আমিনুর রহমান,
_c২০০২.
300 _a৮০৮ পৃ. :
_bচিত্র ;
_c২২ সেমি.
650 _aআগ্রাসন
_y২১ শতক
_9112165
_zআফগানিস্থান
650 _aInsurgency
_y21st century
_9112166
_z Afghanistan
700 _aমজুমদার, মাসুদ, সম্পাদক
_9112167
942 _2ddc
_cBK
_02
999 _c36769
_d36769